La prueba en el proceso penal : con especial referencia a los códigos procesales penales de la Nación y de la Provincia de Córdoba /

Guardado en:
Autor Principal: Cafferata Nores, José I.
Otros Autores: Hairabedián, Maximiliano
Formato: Libro
Idioma:Spanish
Publicado: Buenos Aires : Lexis Nexis, 2008.
Edición:6a. ed.
Materias:
Etiquetas: Agregar Etiqueta
Sin Etiquetas, Sea el primero en etiquetar este registro!
LEADER 00729nam a22001815a 4500
001 DER.der006308
008 180615s2008####ag#||||||||||||||#||spa||
005 20250617175130.0
245 1 0 |a La prueba en el proceso penal :  |b con especial referencia a los códigos procesales penales de la Nación y de la Provincia de Córdoba /  |c José I. Cafferata Nores, Maximiliano Hairabedián y la colaboración de Milagros Gorgas. 
250 |a 6a. ed. 
260 |a Buenos Aires :  |b Lexis Nexis,  |c 2008. 
300 |a 300 p. 
020 |a 9789875923263 
100 1 |a Cafferata Nores, José I. 
700 1 |a Hairabedián, Maximiliano 
700 1 |a Gorgas, Milagros,  |e col. 
650 7 |a DERECHO PROCESAL PENAL 
859 |a DERECHO  |b BIB. DERECHO  |h 347.06  |i CAF  |p 005627